Conservation of engineering structures : proceedings of the conference /

Guardado en:
Autor Corporativo: Institution of Civil Engineers, (ICE)
Formato: Libro
Idioma:English
Publicado: London : Thomas Telford, 1989.
Materias:
Etiquetas: Agregar Etiqueta
Sin Etiquetas, Sea el primero en etiquetar este registro!
LEADER 00611nam a22001695a 4500
001 EUN.um046521
003 AR-BaUNS
005 20050623122915.0
008 041125s1989####xxka##########000#0#eng#d
245 1 0 |a Conservation of engineering structures :  |b proceedings of the conference /  |c Institution of Civil Engineers, (ICE). 
260 |a London :  |b Thomas Telford,  |c 1989. 
300 |a 156 p. :  |b ilus. ;  |c 24 cm. 
020 |a 0727715313 
082 0 4 |a 624 
653 |a Ingenieria estructural 
110 2 |a Institution of Civil Engineers, (ICE)  |c London, 13 March 1989. 
859 |a Ar-BaUNS  |b BIB. CENTRAL - Sector C  |h 624  |i In7  |p 104838/995